Loading...
| Religion | 0 | 2 | 0 | 0 | 20 | 97 | 117.50 | 0 | 0 |
| Science - Other Science | 0 | 2 | 0 | 0 | 20 | 88 | 101.00 | 0 | 0 |
| Science - Biology | 0 | 2 | 1 | 1 | 15 | 131 | 133.00 | 0 | 0 |
| History - American History | 0 | 1 | 0 | 0 | 10 | 119 | 119.00 | 0 | 0 |
| Literature - American Literature | 0 | 1 | 0 | 0 | 10 | 81 | 81.00 | 1 | 1 |
| Social Science | 0 | 1 | 0 | 0 | 10 | 129 | 129.00 | 0 | 0 |
| Fine Arts - Classical Music | 0 | 1 | 0 | 0 | 10 | 130 | 130.00 | 0 | 0 |
| Fine Arts - Other Fine Arts | 0 | 1 | 0 | 0 | 10 | 154 | 154.00 | 0 | 0 |
| Literature - World Literature | 0 | 1 | 0 | 1 | 10 | 140 | 140.00 | 0 | 0 |
| Science - Physics | 0 | 1 | 0 | 0 | 10 | 125 | 125.00 | 0 | 0 |
| Any History | 0 | 1 | 0 | 0 | 10 | 58 | 58.00 | 0 | 1 |
| Science - Chemistry | 0 | 1 | 1 | 1 | 5 | 126 | 126.00 | 0 | 0 |
| Geography | 0 | 1 | 1 | 0 | 5 | 127 | 127.00 | 0 | 0 |
| Literature - British Literature | 0 | 0 | 0 | 0 | 0 | 0.00 | 0 | 0 | |
| Mythology | 0 | 1 | 2 | 0 | 0 | 139 | 139.00 | 0 | 0 |
| History - European History | 0 | 0 | 1 | 0 | -5 | 0.00 | 0 | 0 | |
| Other Academic | 0 | 0 | 1 | 0 | -5 | 0.00 | 0 | 0 | |
| History - World History | 0 | 0 | 1 | 0 | -5 | 0.00 | 0 | 0 |